000 03663nkm0a2200481 4500
001 RU\NLR\bibl\2087482
005 20250806204042.0
020 _aRU
_b1080
_9ЛЕНИНГРАД В ВЕЛИКОЙ ОТЕЧЕСТВЕННОЙ ВОЙНЕ : Печать Ленинграда, 1941 - 1945 : каталог изданий, хранящихся в фондах Гос. Публ. б-ки, вып.2. Листовки, плакаты, открытки, альбомы / Гос. публ. б-ка им. М.Е. Салтыкова-Щедрина. - Ленинград, 1972
020 _aRU
_b44-1813 (вып. 1944, N 1/2)
_9Летопись изоизданий / ВКП. - Москва, 1944. - Вып. 1944, N 1/2
035 _a(NLR Aleph) 010199150
071 5 0 _d35 коп.
090 _a74041
_c74041
100 _a20140217d1942 u y0rusy50 ca
101 0 _arus
102 _aRU
116 _aiiyc||||||bi ae
135 _acrcn 024apaba
200 1 _aС новым годом, папа!
_bИзоматериал
_eпочтовая карточка
_fхуд.: В. Николаев
210 _aЛенинград
_cПолиграфмастерская ЛССХ
_d[1942]
215 _a1 л. (4 строки текста)
_cцв. литогр.
_d14,5х9,9
300 _aЦенз. разрешение: М10627
321 1 _aСражающийся Ленинград. Почтовая открытка = Postcard. Leningrad in strugle : энциклопедический каталог / А.Д. Гдалин, М.Р. Иванова ; [Союз проф. литераторов России и др.]. - Санкт-Петербург : Инфо-Да, 2007.
_c246
325 1 _aЭлектронная копия доступна в Электронной библиотеке РНБ
327 0 _aМальчик в солдатской каске, держащий игрушечного медведя с письмом на фронт в лапе, на фоне новогодней елки с пятиконечной звездой на верхушке
540 1 _aМальчик в солдатской каске, держащий игрушечного медведя с письмом на фронт в лапе, на фоне новогодней елки с пятиконечной звездой на верхушке
606 1 _aБлокада Ленинграда
_z1941 - 1944
_xИзображение на почтовых открытках маркированных художественных
_z1941 - 1945
_2nlr_sh2
_3RU\NLR\auth\6601539002
686 _aЩ153(2Р=Рус)7-489
686 _aЩ153(2Р=Рус)7-3
700 1 _aНиколаев
_bВ. А.
_cхудожник
_f1906-1943
_gВасилий Александрович
_3RU\NLR\auth\770127666
_4040
801 0 _aRU
_bNLR
_c19720101
_gPSBO
801 1 _aRU
_bNLR
_c20140217
_gRCR
852 _aNLR
_bЛ3-310о
_j29/7-1942-1
856 0 _uhttp://vivaldi.nlr.ru/lo000070483/view
856 1 _uhttp://vivaldi.nlr.ru/lo000070483/cover
856 2 _uhttp://vivaldi.nlr.ru/lo000070483/text
901 _eИзографические материалы
942 _cVISUAL
945 _aРоссийская национальная библиотека
980 _aBV
981 3 7 _a(37) Ленинград в Великой Отечественной войне
_b(37) Открытки блокадного Ленинграда
981 1 7 _a(17) Изографические материалы
_b(17) Открытки